000 00258nam a2200097Ia 4500
001 1251489
005 20251031150916.0
008 251031s9999 xx 000 0 und d
245 0 _cBRİGİTTE LABBE
_aJ-3 DOĞA VE KİRLİLİK
260 _bGÜNIŞIĞI YAYINLARI
999 _c1251489
_d1251489